Cẩm nang sửa chữa xe ô tô. Tập 2 /

Hướng dẫn sửa chữa xe ô tô : Giữ cho xe của bạn ở tình trạng tốt, theo từng hệ thống; Xử lý các trường hợp khẩn cấp trên đường; Chăm sóc xe; Mười biện pháp bảo trì ngăn ngừa và tiết kiệm nhiên liệu.

Đã lưu trong:
書目詳細資料
主要作者: Quốc Bình.
其他作者: Văn Cảnh.
格式: 圖書
語言:Vietnamese
出版: [Tp.HCM] : Giao thông vận tải, 2003.
主題:
標簽: 添加標簽
沒有標簽, 成為第一個標記此記錄!
Thư viện lưu trữ: Mạng thư viện Đại học Đà Nẵng
LEADER 01412cam a2200361 a 4500
001 000043882
003 2001
005 20060418153414.0
008 010217b2003 vm 000 vie
020 |c 61000 
040 |a LRC  |c LRC  |d LRC 
041 0 |a vie 
082 1 4 |a 629.28722  |b QU-B 
100 1 |a Quốc Bình. 
245 1 0 |a Cẩm nang sửa chữa xe ô tô.  |n Tập 2 /  |c Quốc Bình, Văn Cảnh. 
260 |a [Tp.HCM] :  |b Giao thông vận tải,  |c 2003. 
300 |a 309 tr. :  |b mh. ;  |c 27 cm. 
520 3 |a Hướng dẫn sửa chữa xe ô tô : Giữ cho xe của bạn ở tình trạng tốt, theo từng hệ thống; Xử lý các trường hợp khẩn cấp trên đường; Chăm sóc xe; Mười biện pháp bảo trì ngăn ngừa và tiết kiệm nhiên liệu. 
630 0 4 |a Xe ô tô. 
650 0 4 |a Ô tô  |x Sửa chữa và bảo hành  |v Cẩm nang. 
700 1 |a Văn Cảnh. 
OWN |a DUT 
AVA |a UDN50  |b DUT  |c Book  |d 629.28722 QU-B  |e available  |t Error 5001 Not defined in file expand_doc_bib_avail.  |f 5  |g 0  |h N  |i 1  |j SH  |k 1 
999 |a From the UDN01 
AVA |a UDN50  |b DUT  |c Book  |d 629.28722 QU-B  |e available  |t Error 5001 Not defined in file expand_doc_bib_avail.  |f 5  |g 0  |h N  |i 1  |j SH  |k 1 
TYP |a Monograph 
TYP |a Printed language 
980 |a Mạng thư viện Đại học Đà Nẵng